| 000 | 01194cam a2200301 a 4500 | ||
|---|---|---|---|
| 008 | 050509s2004 ua abch b 000 0deng d | ||
| 020 | _a9774248317 | ||
| 040 |
_aUaCaAUL _cUaCaAUL _dEG-GICUC |
||
| 043 | _af*ua*** | ||
| 050 | 0 | 4 |
_aNA6083 _b.D63 2004 |
| 092 | 0 | 4 |
_a720.962 _bD634 _221 |
| 099 |
_a04 _a720.962 D634 |
||
| 100 | 1 | _aDobrowolska, Agnieszka | |
| 245 | 1 | 0 |
_aMuhammad Ali Pasha and his Sabil : _ba guide to the permanent exhibition in the Sabil Muhammad Ali Pasha in al-Aqqadin, Cairo / _cAgnieszka Dobrowolska and Khaled Fahmy. |
| 260 |
_aCairo ; _aNew York : _bAmerican University in Cairo Press, _cc2004. |
||
| 300 |
_a64 p. : _bill (chiefly col.), facsims., geneal. table, maps, |
||
| 500 | _a"Dar el Kutub No. 16140/03"--T.p. verso | ||
| 504 | _aIncludes bibliographical references (p. 64). | ||
| 600 | 0 | 0 |
_aMuhammad ?Ali B?sha, _cGovernor of Egypt, _y1769-1849. |
| 650 | 0 |
_aArchitecture, Islamic _xConservation and restoration _zEgypt _zCairo. |
|
| 651 | 0 |
_aEgypt _xHistory _yMohammed Ali, 1805-1849. |
|
| 700 | 1 | _aFahmy, Khaled | |
| 902 | _a1 | ||
| 905 |
_aMona _eCat |
||
| 905 |
_aOmar _eRev |
||
| 942 |
_2ddc _cBK |
||
| 999 |
_c105711 _d105711 |
||